| 000 | 00333 a2200109 4500 | ||
|---|---|---|---|
| 020 | _a9789392242090 | ||
| 100 |
_aSoni, Pankaj _9181600 |
||
| 245 | _aTextbook of Applied Anatomy & Physiology (for B.Sc. Nursing Students) | ||
| 250 | _a1st | ||
| 260 |
_bVision Health Science Publishers _c2022 |
||
| 999 |
_c159686 _d159686 |
||
| 650 |
_aANATOMY AND PHYSIOLOGY _9181694 |
||